[Event "Mazowiecki Festiwal Szachowy - gr. A"]
[Site "Grodzisk Mazowiecki"]
[Date "2007.07.25"]
[Round "6"]
[White "Melkumyan, Hrant"]
[Black "Szoen, Dariusz"]
[Result "0-1"]
[WhiteElo "2399"]
[BlackElo "2452"]

1. d4 d5 2. Nf3 Nf6 3. c4 e6 4. g3 dxc4 5. Qa4+ Nbd7 6. Bg2 a6 7. Qxc4 b5
8. Qc6 Rb8 9. Bf4 Nd5 10. O-O Nxf4 11. gxf4 Bb7 12. Qc2 c5 13. Nbd2 Rc8 14.
Qd3 Be7 15. dxc5 Nxc5 16. Qe3 O-O 17. Rac1 Nd7 18. Nb3 Qb6 19. Qxb6 Nxb6
20. Na5 Bd5 21. Ne5 f6 22. Nec6 Kf7 23. Rfd1 Rfe8 24. b3 Bxg2 25. Kxg2 Ba3
26. Rc2 Bf8 27. Kf3 Kg8 28. Rdd2 f5 29. Nb7 Nd5 30. Nd4 Rxc2 31. Rxc2 Nxf4
32. Rc6 Nd5 33. Rxa6 e5 34. Nxf5 e4+ 35. Kg3 Re5 36. Ne3 Nc3 37. Kf4 Re7
38. Nd8 Nxe2+ 39. Kg4 Nd4 40. Nf5 h5+ 41. Kf4 g5+ 42. Kxg5 Re5 43. Rf6 Be7
44. Kf4 Bxf6 45. Nxd4 Rg5 46. N8c6 Rg2 47. Kxe4 Rxf2 48. Nxb5 Rxh2 49. a4
Ra2 50. Nb4 Re2+ 51. Kf4 Rf2+ 52. Kg3 Rb2 53. Nd5 Rxb3+ 54. Kf4 Bd8 55. Nd4
Ra3 56. Ne6 Rxa4+ 57. Kf5 Ra5 58. Ke4 h4 59. Ndf4 Bf6 60. Kf3 Kf7 61. Kg2
Ra2+ 62. Kh3 Ra3+ 63. Kg2 Rg3+ 64. Kf2 Bg5 65. Nh5 Ra3 66. Nxg5+ Kg6 67.
Ne4 Kxh5 68. Kg2 Kg4 69. Nf6+ Kf5 70. Nd5 Rd3 71. Nb4 Rd4 72. Nc6 Rc4 0-1

[Event "Mazowiecki Festiwal Szachowy - gr. A"]
[Site "Grodzisk Mazowiecki"]
[Date "2007.07.25"]
[Round "6"]
[White "Czarnota, Pawel"]
[Black "Urban, Klaudiusz"]
[Result "0-1"]
[WhiteElo "2575"]
[BlackElo "2481"]

1. e4 e6 2. d4 d5 3. Nd2 dxe4 4. Nxe4 Nd7 5. Bd3 Ngf6 6. Nf3 c5 7. Qe2 cxd4
8. Nxf6+ Nxf6 9. Bd2 Qd5 10. c4 dxc3 11. Bxc3 Bd7 12. O-O-O Qxa2 13. Ne5
Rc8 14. Bc4 Rxc4 15. Qxc4 Qxc4 16. Nxc4 Nd5 17. Bd4 Ba4 18. Rde1 Bb4 19.
Re4 O-O 20. Kb1 a5 21. Rc1 Bc6 22. f3 Rd8 23. Ka1 f6 24. Bg1 e5 25. g4 Nf4
26. Re3 a4 27. Na3 Rd7 28. Nb1 Ng2 0-1

[Event "Mazowiecki Festiwal Szachowy - gr. A"]
[Site "Grodzisk Mazowiecki"]
[Date "2007.07.25"]
[Round "6"]
[White "Socko, Monika"]
[Black "Cyborowski, Lukasz"]
[Result "1/2-1/2"]
[WhiteElo "2479"]
[BlackElo "2560"]

1. e4 c5 2. Nf3 e6 3. c4 Nc6 4. Nc3 e5 5. g3 g6 6. Bg2 Bg7 7. d3 d6 8. Nd5
Nf6 9. O-O Nxd5 10. cxd5 Ne7 11. Rb1 O-O 12. b4 b6 13. Nd2 cxb4 14. Rxb4
Bd7 1/2-1/2

[Event "Mazowiecki Festiwal Szachowy - gr. A"]
[Site "Grodzisk Mazowiecki"]
[Date "2007.07.25"]
[Round "6"]
[White "Kuzmicz, Krystian"]
[Black "Sulskis, Sarunas"]
[Result "1/2-1/2"]
[WhiteElo "2418"]
[BlackElo "2537"]

1. c4 e5 2. g3 c6 3. Bg2 d5 4. cxd5 cxd5 5. d4 e4 6. Nc3 Nc6 7. Nh3 h6 8.
O-O Nf6 9. Bf4 Bd6 10. e3 Bg4 11. Qb3 Na5 12. Qa4+ Bd7 13. Qd1 Bg4 14. Qa4+
Bd7 15. Qd1 Bg4 16. Qa4+ Bd7 17. Qd1 1/2-1/2

[Event "Mazowiecki Festiwal Szachowy - gr. A"]
[Site "Grodzisk Mazowiecki"]
[Date "2007.07.25"]
[Round "6"]
[White "Piorun, Kacper"]
[Black "Strzemiecki, Zbigniew"]
[Result "1-0"]
[WhiteElo "2359"]
[BlackElo "2306"]

1. e4 e6 2. d4 d5 3. e5 c5 4. c3 Qb6 5. Nf3 Nc6 6. a3 c4 7. Nbd2 Na5 8. Be2
Bd7 9. O-O Ne7 10. Re1 Nec6 11. Rb1 Be7 12. Qc2 O-O-O 13. Nf1 Nb3 14. Bf4
Rdg8 15. h4 h6 16. Bg3 g5 17. h5 Qc7 18. Ne3 b5 19. Nxd5 exd5 20. e6 Qd8
21. exd7+ Qxd7 22. Bd3 Kb7 23. Bf5 Qd8 24. Ne5 Nxe5 25. Rxe5 Kb6 26. Bg4
Bf6 27. Rf5 Bxd4 28. Bf3 Bc5 29. Rxd5 Qc8 30. a4 Rd8 31. axb5 Rxd5 32. Bxd5
Qg4 33. Bh2 Rd8 34. Bxf7 Kxb5 35. Re1 Rd2 36. Be8+ Ka6 37. Ra1+ Kb7 38.
Qh7+ 1-0

[Event "Mazowiecki Festiwal Szachowy - gr. A"]
[Site "Grodzisk Mazowiecki"]
[Date "2007.07.25"]
[Round "6"]
[White "Kukawski, Maciej"]
[Black "Leniart, Arkadiusz"]
[Result "0-1"]
[WhiteElo "2251"]
[BlackElo "2357"]

1. e4 e5 2. Nf3 Nc6 3. Bb5 a6 4. Ba4 Nf6 5. O-O Be7 6. Re1 b5 7. Bb3 d6 8.
c3 O-O 9. d4 Bg4 10. Be3 Bh5 11. Nbd2 Na5 12. Bc2 Ng4 13. Nf1 Nxe3 14. Nxe3
exd4 15. cxd4 Nc6 16. g4 Bg6 17. Rc1 Nb4 18. Bb1 d5 19. Nf5 dxe4 20. Bxe4
Bxf5 21. gxf5 c6 22. a3 Nd5 23. Ne5 Bg5 24. Rxc6 Nf4 25. Rc3 Rc8 26. Rxc8
Qxc8 27. Qf3 Qd8 28. Rd1 Re8 29. Kh1 Qf6 30. Bc2 g6 31. Rg1 Kg7 32. Bb3
Qxf5 33. Nxf7 Be7 34. Ne5 Bf6 35. Ng4 Bxd4 36. Ne3 Bxe3 37. fxe3 Qd3 38.
Qxf4 Qxb3 39. Qd4+ Kg8 40. Re1 Qe6 41. e4 Qe5 42. Qd2 Kg7 43. Kg2 Re7 44.
b4 h5 45. Re2 Re6 46. Qd7+ Kh6 47. Qd2+ Qg5+ 48. Qxg5+ Kxg5 49. Kf3 Rc6 50.
Re3 Rf6+ 51. Kg3 h4+ 52. Kh3 Re6 53. Re1 Re5 54. Re2 Kh5 55. Re1 g5 56. Kg2
Kg4 57. h3+ Kf4 58. Rf1+ Kxe4 59. Rf6 Rd5 60. Re6+ Kf4 61. Rf6+ Ke4 62.
Re6+ Kf5 63. Rxa6 Rd2+ 64. Kf3 Rd3+ 65. Kg2 Rd2+ 66. Kf3 Rh2 67. Ra5 Rxh3+
68. Kg2 Rg3+ 69. Kf2 Kf4 70. Rxb5 Rxa3 71. Rc5 Ra2+ 72. Kg1 h3 73. Rc4+ Kg3
74. Rc3+ Kh4 75. b5 g4 76. Rc4 h2+ 0-1

[Event "Mazowiecki Festiwal Szachowy - gr. A"]
[Site "Grodzisk Mazowiecki"]
[Date "2007.07.25"]
[Round "6"]
[White "Szymanski, Andrzej"]
[Black "Deszczynski, Adam"]
[Result "1-0"]
[WhiteElo "2251"]
[BlackElo "2351"]

1. e4 c5 2. Nf3 d6 3. d4 cxd4 4. Nxd4 Nf6 5. Nc3 g6 6. Be3 Bg7 7. f3 Nc6 8.
Qd2 Bd7 9. O-O-O Rc8 10. Nxc6 bxc6 11. Bh6 O-O 12. h4 Qa5 13. h5 Bxh6 14.
Qxh6 g5 15. Bd3 Rb8 16. Rde1 Qe5 17. g3 Rxb2 18. Kxb2 Rb8+ 19. Kc1 Qxc3 20.
e5 dxe5 21. Qxg5+ Kf8 22. Qxe5 Qb4 23. Rh4 Qa3+ 24. Kd2 Rc8 25. h6 Be6 26.
Rb1 c5 27. Rb8 Qa5+ 28. Ke2 Rxb8 29. Qxb8+ Ne8 30. Bb5 1-0

[Event "Mazowiecki Festiwal Szachowy - gr. A"]
[Site "Grodzisk Mazowiecki"]
[Date "2007.07.25"]
[Round "6"]
[White "Stoma, Pawel"]
[Black "Yaremko, Nazar"]
[Result "1-0"]
[WhiteElo "2233"]
[BlackElo "2351"]

1. e4 e5 2. Nf3 Nc6 3. Bb5 Nf6 4. d3 d6 5. c3 Be7 6. Nbd2 O-O 7. Nf1 a6 8.
Ba4 b5 9. Bc2 d5 10. Qe2 d4 11. Ng3 g6 12. O-O Re8 13. h3 Bb7 14. Bb3 Nd7
15. cxd4 exd4 16. Bd2 Nc5 17. Bd5 Nb8 18. Bxb7 Nxb7 19. a4 bxa4 20. Rxa4 c5
21. Ne5 Bd6 22. Ng4 f5 23. Nh6+ Kg7 24. Qf3 Qd7 25. exf5 Qxa4 26. f6+ 1-0

[Event "Mazowiecki Festiwal Szachowy - gr. A"]
[Site "Grodzisk Mazowiecki"]
[Date "2007.07.25"]
[Round "6"]
[White "Nguyen, Piotr"]
[Black "Sharapov, Evgeny"]
[Result "0-1"]
[WhiteElo "2283"]
[BlackElo "2437"]

1. f4 c5 2. Nf3 Nc6 3. g3 g6 4. Bg2 Bg7 5. O-O e6 6. d3 Nge7 7. a4 O-O 8.
c3 d5 9. Na3 Rb8 10. Qe1 a6 11. Qf2 d4 12. Bd2 Na5 13. cxd4 Nb3 14. Rad1
cxd4 15. Bb4 a5 16. Be1 Bd7 17. Nd2 Bxa4 18. Nxb3 Bxb3 19. Rc1 Nf5 20. Nc4
Bxc4 21. Rxc4 Ne3 22. Ra4 b6 23. Qf3 Nxf1 24. Kxf1 Qd7 25. Qc6 Qxc6 26.
Bxc6 Rfc8 27. Bf3 Rc1 28. b4 Bf8 29. Kf2 axb4 30. Bxb4 b5 31. Bxf8 bxa4 32.
Bd6 Rb3 0-1

[Event "Mazowiecki Festiwal Szachowy - gr. A"]
[Site "Grodzisk Mazowiecki"]
[Date "2007.07.25"]
[Round "6.16"]
[White "Kludacz, Magdalena"]
[Black "Szymanski, Marcin"]
[Result "1/2-1/2"]
[WhiteElo "2244"]
[BlackElo "2429"]
[PlyCount "47"]
[EventDate "2007.??.??"]

1. d4 Nf6 2. c4 e6 3. g3 d5 4. Bg2 Nc6 5. cxd5 exd5 6. Bg5 h6 7. Bxf6 Qxf6 8.
e3 Bf5 9. a3 Ne7 10. Nc3 c6 11. Qb3 Rb8 12. Qa4 a6 13. Nge2 Qd6 14. O-O g6 15.
e4 Bd7 16. Qa5 Be6 17. Nf4 Bg7 18. exd5 cxd5 19. Ncxd5 Bxd5 20. Nxd5 Nxd5 21.
Qxd5 Qxd5 22. Bxd5 O-O 23. Rad1 Rfd8 24. Bg2 1/2-1/2

[Event "Mazowiecki Festiwal Szachowy - gr. A"]
[Site "Grodzisk Mazowiecki"]
[Date "2007.07.25"]
[Round "6.17"]
[White "Staniszewski, Piotr"]
[Black "Gluszko, Tomasz"]
[Result "1-0"]
[WhiteElo "2402"]
[BlackElo "2119"]
[PlyCount "123"]
[EventDate "2007.??.??"]

1. Nf3 Nf6 2. c4 g6 3. Nc3 d5 4. cxd5 Nxd5 5. Qa4+ Bd7 6. Qh4 Bc6 7. Ne5 Bg7 8.
Nxc6 Nxc6 9. Qe4 Nf6 10. Qc2 O-O 11. g3 Nd4 12. Qd1 e5 13. d3 c6 14. Bg2 Qd7
15. O-O Rad8 16. Rb1 Nd5 17. Bg5 f6 18. Nxd5 cxd5 19. Be3 Nc6 20. b4 b6 21. b5
Ne7 22. Qb3 Rf7 23. Rfc1 Nf5 24. Bh3 Nd4 25. Bxd7 Nxb3 26. Be6 Nxc1 27. Rxc1
Re8 28. Bxd5 Kf8 29. Bxf7 Kxf7 30. Rc7+ Re7 31. Rxe7+ Kxe7 32. f4 Kd6 33. fxe5+
fxe5 34. Kg2 Kd5 35. a4 Bf8 36. Kf3 Be7 37. h4 h5 38. Bc1 Bf6 39. Ba3 g5 40.
hxg5 Bxg5 41. e4+ Ke6 42. Bb4 Bf6 43. Be1 Be7 44. Bf2 Bf6 45. Ke2 Kd6 46. Kd2
Bg5+ 47. Kc3 Bf6 48. Kc4 Bg5 49. Kc3 Bf6 50. Be3 h4 51. gxh4 Bxh4 52. Kc4 Bf6
53. Bd2 Ke6 54. a5 Bd8 55. a6 Be7 56. Be3 Bd8 57. Bg1 Bc7 58. Bh2 Bd8 59. d4
exd4 60. Bb8 d3 61. Kxd3 Kd7 62. Kd4 1-0

[Event "Mazowiecki Festiwal Szachowy - gr. A"]
[Site "Grodzisk Mazowiecki"]
[Date "2007.07.25"]
[Round "6.20"]
[White "Janczarski, Michal"]
[Black "Winski, Lukasz"]
[Result "1/2-1/2"]
[WhiteElo "2088"]
[BlackElo "2004"]
[PlyCount "62"]
[EventDate "2007.??.??"]

1. c4 e5 2. Nc3 d6 3. g3 Be6 4. d3 Nc6 5. Bg2 Qd7 6. Bd2 g6 7. Nd5 Bg7 8. Nf3
h6 9. O-O Nd8 10. Ba5 Rc8 11. Bc3 c6 12. Ne3 Ne7 13. c5 Nd5 14. cxd6 Nxc3 15.
bxc3 Qxd6 16. Nd2 f5 17. Qa4 a6 18. Nec4 Qe7 19. Nb6 Rc7 20. Na8 Rc8 21. Nb6
Rc7 22. Na8 Rc8 23. Nb6 Rc7 24. Rab1 O-O 25. Ndc4 Nf7 26. Qa5 h5 27. Qb4 Qf6
28. Qc5 h4 29. a4 hxg3 30. fxg3 Ng5 31. Na3 e4 1/2-1/2

[Event "Mazowiecki Festiwal Szachowy - gr. A"]
[Site "Grodzisk Mazowiecki"]
[Date "2007.07.25"]
[Round "6.21"]
[White "Grabarczyk, Bogdan"]
[Black "Tokarski, Lukasz"]
[Result "1-0"]
[WhiteElo "2437"]
[BlackElo "2168"]
[PlyCount "57"]
[EventDate "2007.??.??"]

1. e4 c5 2. Nf3 e6 3. d4 cxd4 4. Nxd4 a6 5. c4 Nf6 6. Nc3 Bb4 7. Bd3 Bxc3+ 8.
bxc3 d6 9. O-O e5 10. Nc2 Be6 11. f4 exf4 12. Bxf4 O-O 13. e5 dxe5 14. Bxe5
Nbd7 15. Bd4 Rc8 16. Ne3 Rc6 17. Qe1 h6 18. Qg3 Qc7 19. Qh4 Qd8 20. Rad1 Nh7
21. Qf2 Qg5 22. h4 Qe7 23. Nd5 Bxd5 24. cxd5 Rcc8 25. Qg3 Nhf6 26. d6 Qd8 27.
Bf5 Nh5 28. Qf3 g6 29. Bg4 1-0

[Event "Mazowiecki Festiwal Szachowy - gr. A"]
[Site "Grodzisk Mazowiecki"]
[Date "2007.07.25"]
[Round "6.22"]
[White "Nurkiewicz, Maciej"]
[Black "Lapinski, Krzysztof"]
[Result "0-1"]
[WhiteElo "2411"]
[BlackElo "2175"]
[PlyCount "100"]
[EventDate "2007.??.??"]

1. e4 c5 2. d3 Nc6 3. g3 g6 4. Bg2 Bg7 5. Nd2 d6 6. Ne2 e5 7. f4 Nge7 8. O-O
O-O 9. c3 Rb8 10. Nf3 d5 11. exd5 Nxd5 12. fxe5 Nxe5 13. Nxe5 Bxe5 14. Bh6 Bg7
15. Qd2 Bxh6 16. Qxh6 Bf5 17. Bxd5 Qxd5 18. Nf4 Qd7 19. Rad1 Rbd8 20. d4 Bg4
21. Rd3 Qb5 22. b3 cxd4 23. c4 Qc5 24. Nd5 Rxd5 25. cxd5 Be2 26. Rc1 Qxd5 27.
Rd2 d3 28. Qe3 Qf5 29. Qf4 Rc8 30. Rc4 Rxc4 31. bxc4 Qc5+ 32. Kg2 Qc6+ 33. Kg1
Qc5+ 34. Kg2 h5 35. Qb8+ Kg7 36. Qxb7 Qe3 37. Qb2+ f6 38. Qc1 Qf3+ 39. Kg1 Qe3+
40. Kg2 Qe4+ 41. Kg1 h4 42. gxh4 Qg4+ 43. Kf2 Qf3+ 44. Kg1 Qe3+ 45. Kg2 Qe4+
46. Kf2 Qxh4+ 47. Kg1 Qd4+ 48. Kg2 Qe4+ 49. Kg1 Qe3+ 50. Kg2 Bf3+ 0-1

[Event "Mazowiecki Festiwal Szachowy - gr. A"]
[Site "Grodzisk Mazowiecki"]
[Date "2007.07.25"]
[Round "6.23"]
[White "Matuszewski, Michal"]
[Black "Olszewski, Michal"]
[Result "1-0"]
[WhiteElo "2144"]
[BlackElo "2409"]
[PlyCount "75"]
[EventDate "2007.??.??"]

1. d4 Nf6 2. c4 e6 3. Nf3 c5 4. d5 b5 5. dxe6 fxe6 6. cxb5 Bb7 7. Nc3 Be7 8.
Bg5 O-O 9. e3 d5 10. Be2 a6 11. a4 axb5 12. Bxb5 Nbd7 13. O-O Ng4 14. Bf4 d4
15. h3 Bxf3 16. Qxf3 Ngf6 17. Ne4 Nd5 18. Qg4 Rf5 19. Ng3 Rf6 20. Qe2 h6 21.
Nh5 Rf7 22. exd4 cxd4 23. Qxe6 Nf8 24. Qe4 Rc8 25. Bd2 Nf6 26. Nxf6+ Bxf6 27.
Rac1 Rxc1 28. Rxc1 Rc7 29. Rxc7 Qxc7 30. Qd5+ Qf7 31. Bc4 Qxd5 32. Bxd5+ Kh8
33. a5 Bd8 34. b4 Nd7 35. b5 d3 36. b6 Nc5 37. Be3 Nd7 38. Kf1 1-0

[Event "Mazowiecki Festiwal Szachowy - gr. A"]
[Site "Grodzisk Mazowiecki"]
[Date "2007.07.25"]
[Round "6.24"]
[White "Brzeski, Maciej"]
[Black "Roszkowski, Rafal"]
[Result "1-0"]
[WhiteElo "2356"]
[BlackElo "2114"]
[PlyCount "65"]
[EventDate "2007.??.??"]

1. e4 c5 2. Nf3 Nc6 3. d4 cxd4 4. Nxd4 Nf6 5. Nc3 e5 6. Ndb5 d6 7. Bg5 a6 8.
Na3 Be6 9. Nc4 Rc8 10. Bxf6 gxf6 11. Ne3 Ne7 12. Bd3 Qb6 13. O-O Qxb2 14. Ncd5
Bxd5 15. exd5 Qd4 16. Qh5 Rg8 17. Rab1 Rc7 18. Rfd1 Qf4 19. g3 Qh6 20. Qe2 Qh3
21. Rb4 Qd7 22. Qf3 Bh6 23. Nf5 Bf8 24. Nxe7 Kxe7 25. Bf5 Qd8 26. Rdb1 Qa8 27.
a4 Bh6 28. Qb3 Bd2 29. Rxb7 Ba5 30. Rxc7+ Bxc7 31. Qb7 Qb8 32. Rb3 Rd8 33. Qc6
1-0

[Event "Mazowiecki Festiwal Szachowy - gr. A"]
[Site "Grodzisk Mazowiecki"]
[Date "2007.07.25"]
[Round "6.26"]
[White "Moskwinski, Tadeusz"]
[Black "Jensen, Christine"]
[Result "1-0"]
[WhiteElo "2246"]
[BlackElo "2018"]
[PlyCount "77"]
[EventDate "2007.??.??"]

1. e4 c5 2. Nf3 e6 3. d4 cxd4 4. Nxd4 Nc6 5. Nc3 a6 6. g3 Qc7 7. Bg2 Bb4 8.
Nde2 Nge7 9. O-O O-O 10. f4 f5 11. a3 Bc5+ 12. Kh1 b5 13. Qd3 Bb7 14. Rd1 Rad8
15. b4 Bb6 16. Be3 Bxe3 17. Qxe3 fxe4 18. Nxe4 Nf5 19. Qd3 Nce7 20. N2c3 d6 21.
a4 Nd5 22. Nxd5 Bxd5 23. axb5 Bc4 24. Qf3 axb5 25. Qf2 Rf7 26. Ra6 e5 27. Ng5
Rff8 28. c3 d5 29. Ra7 Qd6 30. Rda1 exf4 31. gxf4 d4 32. R1a6 Qb8 33. cxd4 Rxd4
34. h3 Bd5 35. Bxd5+ Rxd5 36. Qa2 Ne3 37. Ra8 Qxf4 38. Rxf8+ Kxf8 39. Ne6+ 1-0

[Event "Mazowiecki Festiwal Szachowy - gr. A"]
[Site "Grodzisk Mazowiecki"]
[Date "2007.07.25"]
[Round "6.27"]
[White "Alvarado, Carlos"]
[Black "Zurkowski, Andrzej"]
[Result "0-1"]
[WhiteElo "2191"]
[BlackElo "2015"]
[PlyCount "106"]
[EventDate "2007.??.??"]

1. d4 Nf6 2. Nf3 e6 3. c4 b6 4. g3 Bb7 5. Bg2 d5 6. O-O Nbd7 7. Nc3 Be7 8. Ne5
O-O 9. Qa4 c6 10. Bf4 Nxe5 11. Bxe5 Bd6 12. Rad1 Qe7 13. Bxf6 Qxf6 14. e4 dxe4
15. Nxe4 Qe7 16. c5 Bc7 17. Nc3 bxc5 18. Qa3 Rfd8 19. dxc5 a5 20. Ne4 Ba6 21.
Rfe1 Bb5 22. Nd6 Rab8 23. b3 h6 24. Rd2 Rd7 25. Red1 Rbd8 26. Bf1 f5 27. Qc1
Bxf1 28. Kxf1 Kh7 29. Kg2 f4 30. Qc2+ Kg8 31. Ne4 Rd5 32. a3 Qf7 33. f3 fxg3
34. hxg3 Rf8 35. Rd3 Qg6 36. Qe2 Rfd8 37. g4 h5 38. Rxd5 cxd5 39. Nf2 h4 40.
Qa6 Qf6 41. Re1 Re8 42. Qc6 Re7 43. Nd3 h3+ 44. Kf2 Qh4+ 45. Ke2 h2 46. Qa8+
Kh7 47. Rh1 Qg3 48. Qf8 Qg2+ 49. Nf2 Bg3 50. Qxe7 Qxf2+ 51. Kd3 Qxf3+ 52. Kc2
Qxh1 53. Qxe6 Qe4+ 0-1

[Event "Mazowiecki Festiwal Szachowy - gr. A"]
[Site "Grodzisk Mazowiecki"]
[Date "2007.07.25"]
[Round "6.28"]
[White "Przezdziecka, Ewa"]
[Black "Soloviova, Liza"]
[Result "0-1"]
[WhiteElo "2147"]
[BlackElo "2098"]
[PlyCount "88"]
[EventDate "2007.??.??"]

1. d4 Nf6 2. Nf3 d6 3. c4 Nbd7 4. Nc3 e5 5. Bg5 Be7 6. e3 O-O 7. Qc2 c6 8. Be2
a6 9. O-O Re8 10. Rfd1 Qc7 11. Rac1 b6 12. d5 c5 13. a4 Bf8 14. Nd2 g6 15. f4
exf4 16. exf4 Bg7 17. h3 h6 18. Bh4 Nf8 19. Bd3 Nh5 20. Ne2 f5 21. Nf1 Qf7 22.
Bf2 Ra7 23. b4 Rb7 24. Rb1 a5 25. bxa5 bxa5 26. Rxb7 Qxb7 27. Rb1 Qc7 28. Qb3
Nd7 29. Qb5 Bf6 30. g4 Ng7 31. Neg3 Nf8 32. gxf5 gxf5 33. Nxf5 Bxf5 34. Bxf5
Qf7 35. Bd3 Nh5 36. Be3 Rxe3 37. Nxe3 Bd4 38. f5 Bxe3+ 39. Kf1 Qg7 40. Ke2 Bd4
41. Be4 Qg3 42. Qe8 Qe3+ 43. Kd1 Nf6 44. Rb8 Nxe8 0-1

[Event "Mazowiecki Festiwal Szachowy - gr. A"]
[Site "Grodzisk Mazowiecki"]
[Date "2007.07.25"]
[Round "6.29"]
[White "Sliwerski, Radoslaw"]
[Black "Staroszczyk, Mateusz"]
[Result "1-0"]
[WhiteElo "2139"]
[BlackElo "2050"]
[PlyCount "111"]
[EventDate "2007.??.??"]

1. d4 f5 2. c4 Nf6 3. Nf3 e6 4. Nc3 Bb4 5. Bg5 O-O $2 6. g3 b6 7. Bg2 Bb7 8.
O-O $2 Qe8 9. Nb5 Qc8 10. Bf4 Na6 11. c5 Bc6 12. Nxc7 Nxc7 13. a3 Ba5 14. b4
bxc5 15. bxa5 cxd4 16. Bd6 Re8 17. Rc1 Nb5 18. Nxd4 Nxd4 19. Qxd4 Ne4 20. Be5
Qa6 21. Bxg7 Qxe2 22. f3 Nxg3 23. Rce1 e5 24. Bxe5 Rxe5 25. Qxe5 Qxe5 26. Rxe5
Nxf1 27. Bxf1 Bxf3 28. Bc4+ Kg7 29. Re7+ Kg6 30. Rxd7 h5 31. h4 Kf6 32. Kf2 Be4
33. Ke3 Rc8 34. Kd4 Ra8 35. a6 Bg2 36. Bd5 Bxd5 37. Kxd5 f4 38. Ke4 Rc8 39.
Rd6+ Kg7 40. Kxf4 Rc4+ 41. Kg5 Rc5+ 42. Kf4 Ra5 43. Rd7+ Kf6 44. Rxa7 Ra4+ 45.
Ke3 Rxa3+ 46. Kd4 Rh3 47. Rc7 Rxh4+ 48. Kc5 Ra4 49. Kb5 Ra1 50. a7 Rb1+ 51. Kc6
Ra1 52. Kb7 Rxa7+ 53. Kxa7 h4 54. Rc5 Kg6 55. Kb6 h3 56. Rc3 1-0

[Event "Mazowiecki Festiwal Szachowy - gr. A"]
[Site "Grodzisk Mazowiecki"]
[Date "2007.07.25"]
[Round "6.30"]
[White "Witek, Tomasz"]
[Black "Sobierska, Wioletta"]
[Result "1-0"]
[WhiteElo "2105"]
[BlackElo "2012"]
[PlyCount "91"]
[EventDate "2007.??.??"]

1. d4 d5 2. c4 e6 3. Nc3 Nf6 4. cxd5 exd5 5. Bg5 c6 6. Qc2 Be7 7. e3 h6 8. Bh4
Ne4 9. Bxe7 Qxe7 10. Nxe4 dxe4 11. Ne2 Na6 12. a3 O-O 13. Ng3 Re8 14. Bxa6 bxa6
15. O-O Bb7 16. b4 Rac8 17. Rfc1 g6 18. Qb1 Rcd8 19. Ra2 Rd5 20. Rac2 Rb5 21.
Rc5 a5 22. Rxb5 cxb5 23. Rc5 axb4 24. axb4 Qd7 25. Qc2 Re6 26. Rc7 Qd5 27. Qc5
Ra6 28. h3 Qxc5 29. dxc5 Bd5 30. Rd7 Be6 31. Rd8+ Kg7 32. Nxe4 Ra4 33. Rd4 a5
34. bxa5 Rxa5 35. Kh2 Ra4 36. c6 Rxd4 37. exd4 Kf8 38. Nc5 Ke7 39. d5 Bf5 40.
g4 Bc8 41. Nb7 b4 42. d6+ Ke8 43. Nc5 b3 44. Nxb3 Be6 45. Nc5 Bd5 46. d7+ 1-0

[Event "Mazowiecki Festiwal Szachowy - gr. A"]
[Site "Grodzisk Mazowiecki"]
[Date "2007.07.25"]
[Round "6.31"]
[White "Brudzinski, Maciej"]
[Black "Krasiewicz, Robert"]
[Result "1-0"]
[WhiteElo "2114"]
[BlackElo "2042"]
[PlyCount "53"]
[EventDate "2007.??.??"]

1. e4 e6 2. d3 d5 3. Nd2 Nf6 4. Ngf3 c5 5. g3 Nc6 6. Bg2 Be7 7. O-O O-O 8. e5
Nd7 9. Re1 b5 10. Nf1 a5 11. h4 a4 12. a3 Nb6 13. N1h2 b4 14. Ng5 c4 15. Qh5 h6
16. Ng4 hxg5 17. hxg5 cxd3 18. Nf6+ Bxf6 19. exf6 Ra7 20. Be4 dxe4 21. Kg2 e3
22. Rh1 Qd5+ 23. f3 Qxf3+ 24. Kxf3 Nd4+ 25. Kxe3 Nf5+ 26. Kf2 Nh6 27. fxg7 1-0

[Event "Mazowiecki Festiwal Szachowy - gr. A"]
[Site "Grodzisk Mazowiecki"]
[Date "2007.07.25"]
[Round "6.32"]
[White "Tokarski, Bartosz"]
[Black "Przybyla, Kamil"]
[Result "0-1"]
[WhiteElo "2100"]
[BlackElo "2035"]
[PlyCount "76"]
[EventDate "2007.??.??"]

1. e4 e5 2. Nf3 Nc6 3. Bb5 Nf6 4. O-O Nxe4 5. Re1 Nd6 6. Nxe5 Be7 7. Ba4 Nxe5
8. Rxe5 O-O 9. d4 Nc4 10. Re1 d5 11. Nd2 Nd6 12. Bb3 c6 13. c4 dxc4 14. Nxc4
Nxc4 15. Bxc4 Bf6 16. Be3 Qc7 17. Qf3 Be6 18. Bxe6 fxe6 19. Qe4 Qd7 20. Rad1
Rad8 21. f3 Qd5 22. b3 Rd7 23. Bf2 Re8 24. f4 g6 25. Qc2 Red8 26. Qe2 Kf7 27.
Kh1 c5 28. dxc5 Qxd1 29. Qxe6+ Kg7 30. Rxd1 Rxd1+ 31. Bg1 R8d7 32. Qg4 h5 33.
Qf3 Rc1 34. h4 Bd4 35. Qd3 Rxg1+ 36. Kh2 Re1 37. Qb5 Bg1+ 38. Kh1 Be3+ 0-1

[Event "Mazowiecki Festiwal Szachowy - gr. A"]
[Site "Grodzisk Mazowiecki"]
[Date "2007.07.25"]
[Round "6.33"]
[White "Pekacki, Stanislaw"]
[Black "Jedryczka, Krystian"]
[Result "0-1"]
[WhiteElo "2079"]
[BlackElo "2299"]
[PlyCount "96"]
[EventDate "2007.??.??"]

1. e4 c5 2. Nf3 e6 3. d3 a6 4. g3 b5 5. Bg2 Bb7 6. O-O d6 7. Re1 Nd7 8. Nbd2 g6
9. Nf1 Bg7 10. h4 h5 11. c3 Ngf6 12. Ng5 Qc7 13. Nh2 Nb6 14. d4 O-O-O 15. Qe2
Rhe8 16. b3 Re7 17. Bf4 Nfd7 18. Be3 Kb8 19. Rac1 Bc6 20. f4 Qb7 21. e5 dxe5
22. Bxc6 Qxc6 23. dxe5 f6 24. exf6 Nxf6 25. Qf2 Nbd7 26. c4 b4 27. Rcd1 Rf8 28.
Qc2 e5 29. Qxg6 e4 30. Rd2 Rh8 31. Red1 Rh6 32. Qf5 Kc7 33. Qh3 Ne8 34. f5 Rd6
35. Ne6+ Kc8 36. Nxg7 Rxd2 37. Rxd2 Rxg7 38. Bg5 Nef6 39. Bf4 e3 40. Bxe3 Ne4
41. Rg2 Qd6 42. Nf1 Ndf6 43. Nd2 Ng4 44. f6 Qxf6 45. Re2 Nxg3 46. Rf2 Nf5 47.
Rg2 Nfxe3 48. Qg3 Qa1+ 0-1